The Left in China : (Record no. 1678477)
[ view plain ]
| 000 -LEADER | |
|---|---|
| fixed length control field | 00755nam a22002417a 4500 |
| 003 - CONTROL NUMBER IDENTIFIER | |
| control field | OSt |
| 005 - DATE AND TIME OF LATEST TRANSACTION | |
| control field | 20260202125934.0 |
| 008 - FIXED-LENGTH DATA ELEMENTS--GENERAL INFORMATION | |
| fixed length control field | 260202b |||||||| |||| 00| 0 eng d |
| 020 ## - INTERNATIONAL STANDARD BOOK NUMBER | |
| International Standard Book Number | 9780745342955 |
| 040 ## - CATALOGING SOURCE | |
| Original cataloging agency | EASL |
| Language of cataloging | eng |
| Transcribing agency | EASL |
| 041 ## - LANGUAGE CODE | |
| Language code of text/sound track or separate title | eng |
| Source of code | eng |
| 084 ## - COLON CLASSIFICATION NUMBER | |
| Classification number | W4.41 R3 |
| Assigning agency | EASL |
| 100 ## - MAIN ENTRY--PERSONAL NAME | |
| Personal name | Rukus, Ralf |
| 9 (RLIN) | 1113115 |
| 245 ## - TITLE STATEMENT | |
| Title | The Left in China : |
| Remainder of title | A Political Cartography / |
| 260 ## - PUBLICATION, DISTRIBUTION, ETC. | |
| Place of publication, distribution, etc. | London : |
| Name of publisher, distributor, etc. | Pluto Press , |
| Date of publication, distribution, etc. | 2023 . |
| 300 ## - PHYSICAL DESCRIPTION | |
| Extent | xvi, 323p. |
| 650 ## - SUBJECT ADDED ENTRY--TOPICAL TERM | |
| Topical term or geographic name entry element | Chinese English Language |
| 9 (RLIN) | 1113116 |
| 651 ## - SUBJECT ADDED ENTRY--GEOGRAPHIC NAME | |
| Geographic name | Understanding the Left in the People's Republic. |
| 9 (RLIN) | 1113117 |
| 651 ## - SUBJECT ADDED ENTRY--GEOGRAPHIC NAME | |
| Geographic name | Defense and Nostalgia. |
| 9 (RLIN) | 1113118 |
| 700 ## - ADDED ENTRY--PERSONAL NAME | |
| Personal name | Rukus, Ralf |
| 9 (RLIN) | 1113115 |
| 942 ## - ADDED ENTRY ELEMENTS (KOHA) | |
| Source of classification or shelving scheme | Colon Classification (CC) |
| Suppress in OPAC | No |
| Koha item type | Textual |
| Classification part | W4.41 R3 |
| Withdrawn status | Lost status | Source of classification or shelving scheme | Damaged status | Not for loan | Collection | Home library | Current library | Shelving location | Date acquired | Source of acquisition | Cost, normal purchase price | Inventory number | Total Checkouts | Full call number | Barcode | Date last seen | Price effective from | Koha item type |
|---|---|---|---|---|---|---|---|---|---|---|---|---|---|---|---|---|---|---|
| Colon Classification (CC) | Chinese English Language | Department of East Asian Studies Library | Department of East Asian Studies Library | General Stacks | 2025-09-16 | Bright Book Service | 1626.14 | 2489/09-09-2025 | W4.41 R3 | EA1604638 | 2026-02-02 | 2026-02-02 | Textual |
